| 000 | 00588 a2200193 4500 | ||
|---|---|---|---|
| 020 | _a8177581201 | ||
| 040 |
_aDLC _bDLC |
||
| 082 | 0 | 0 | _a511.6 |
| 100 | 1 | _aKolman, Bernard, | |
| 245 | 1 | 0 |
_aDiscrete mathematical structures _cKolman, Harold |
| 250 | _bBernard Kolman, Robert C. Busby, Sharon Cutler Ross. | ||
| 260 |
_aNew Delhi : _bPearson, _cc2004. |
||
| 300 |
_a1 v. (various pagings) : _bill. ; _c27 cm. |
||
| 500 | _aIncludes index. | ||
| 650 | 0 |
_aComputer science _xMathematics. |
|
| 700 | 1 | _aBusby, Robert C. | |
| 700 | 1 |
_aRoss, Sharon Cutler, _d1943- |
|
| 942 |
_cBK _k511.6 KOL _2ddc |
||
| 999 |
_c7429 _d7429 |
||